| 000 | 00788nam a2200181 a 4500 | ||
|---|---|---|---|
| 005 | 20140412111259.0 | ||
| 008 | 000816s19uu xx 00 eng d | ||
| 020 | _a0-7496-2719-0 | ||
| 050 |
_aTR(PS E _bBe39 1997 |
||
| 100 | _aGoodhart, Pippa | ||
| 245 |
_aBed time. / _cPippa Goodhart; illustrated by Brita Granstrom. |
||
| 260 |
_aNew York : _bFranklin Watts, _c1997. |
||
| 300 | _a1 v. (unp.) ; ill. | ||
| 520 | _aBed time is an enchanting account of a familiar routine at the end of a child's day. While absorbed in the story, your child will be developing important conceptual skills such as an awareness of the passage of time and an understanding of the order of events from beginning to end. | ||
| 650 | _aBed time-Fiction | ||
| 650 | _aBed time-Routines | ||
| 999 |
_c103287 _d103287 |
||